Cuerpos fotografiados por Bayle

Saved in:
Bibliografiske detaljer
Institution som forfatter: Taller Experimental Cuerpos Pintados (Author)
Format: Bog
Sprog:spansk
Udgivet: Santiago Taller Experimental Cuerpos Pintados 2003
Udgivelse:1a. ed
Serier:Fotografía, C7
Fag:
Tags: Tilføj Tag
Ingen Tags, Vær først til at tagge denne postø!

MARC

LEADER 00000cam a2200000 a 4500
001 UCF2376
003 CL-VaPUC
008 120817e20030000CL |||||||||||||||||spa|d
020 |a 9562951545 
082 0 4 |a 779.25  |b TAL  |2 21 
110 2 |a Taller Experimental Cuerpos Pintados  |e author  |9 563977 
245 1 0 |a Cuerpos fotografiados por Bayle 
250 |a 1a. ed 
300 |a pág. irreg 
942 |c BK 
945 |d 20120817 00:00:00  |a dcastane 
260 |a Santiago  |b Taller Experimental Cuerpos Pintados  |c 2003 
500 |a Fotografías de Angelina Bayle 
600 0 7 |a BAYLE, ANGELINA  |2 CL-VaPUC  |9 563978 
650 0 |a Fotografía  |9 268495 
650 7 |a FOTOGRAFIAS DE NIÑOS  |2 CL-VaPUC  |9 563979 
583 |a last modification  |c 20120817 11:35:00  |k Rodrigo Vera 
490 0 |a Fotografía, C7 
999 |c 348941  |d 348939 
952 |0 0  |1 0  |4 0  |6 779_250000000000000_TAL_2003  |7 0  |8 A  |9 451271  |a BIBING  |b BIBING  |d 2019-11-22  |i 4893182  |o 779.25 TAL 2003  |p 4893182  |r 2025-01-20  |w 2019-11-22  |y BK  |k CUI